| 000 | 00000nam##2200000za#4500 |
| 001 | 9.604477 |
| 003 | CaOODSP |
| 005 | 20210624211628 |
| 007 | cr ||||||||||| |
| 008 | 150406|1990||||xxc|||||o f|0| 0 fre|d |
| 040 | |aCaOODSP|bfre |
| 043 | |an-cn--- |
| 086 | 1 |aTU3-7/90-3034F-PDF |
| 110 | 2 |aBureau de la sécurité des transports du Canada. |
| 245 | 10|aNaufrage du navire de pêche «Nadine», Golfe du Saint-Laurent, 16 décembre 1990 |h[ressource électronique] |
| 260 | |aOttawa - Ontario : |bBureau de la sécurité des transports du Canada |
| 300 | |a71p.|bfigures, glossaire, tableaux, photographies |
| 490 | 1 |aRapport d'enquête maritime |vM90L3034 |
| 590 | |a12-36-Supp|b2012-08-22 |
| 775 | 08|tSinking of the fishing vessel "Nadine", Gulf of St. Lawrence, 16 December 1990 |w(CaOODSP)9.574746 |
| 830 | #0|aRapport d'enquête maritime ;|vM90L3034|w(CaOODSP)9.501269 |
| 856 | 40|ahttp://publications.gc.ca|qPDF|s5292 Ko|uhttps://publications.gc.ca/collections/collection_2012/bst-tsb/TU3-7-90-3034-fra.pdf|yM90L3034 |